000 01193nam a2200313 4500
001 180
003 OSt
005 20250528074014.0
008 250130b |||||||g |||| 00| 1 eng d
020 _a8533206828
040 _bpor
041 _heng
_apor
082 _a813
_bC928c
100 1 _aCrichton, Michael,
_d1942-2008.
_9335
240 _aCongo
245 _aCongo /
_cCrichton, Michael ; Tradução de A. B. Pinheiro de Lemos
260 _aSão Paulo
_bCírculo do Livro
_c1980
300 _a333 p.
520 _aO fascinante continente africano já foi fonte de inspiração para diversas obras da literatura mundial. O escritor Michael Crichton também se serviu desse fascínio e exotismo para escrever Congo, romance baseado na história real de uma expedição ao coração da África. Em jogo está a descoberta das ruínas de Zinj e uma jazida de valiosos diamantes azuis.
650 0 _aLiteratura Americana
_984
650 0 _aAventura
_947
650 0 _aHistórico
_953
650 0 _aSuspense
_910
650 0 _aCrime e Investigação
_913
655 0 _aRomance
_923
655 0 _aFicção
_922
700 _aA. B. Pinheiro de Lemos
_eTradutor
_9109
942 _2ddc
_n0
_cBK
999 _c180
_d180